Escola de menciñeiros e fabula de varia xente / (Record no. 50645)

MARC details
000 -LEADER
campo de control de longitud fija 00642nam a2200193 i 4500
001 - NÚMERO DE CONTROL
campo de control 50645
003 - IDENTIFICADOR DE NÚMERO DE CONTROL
campo de control ES-MaACL
005 - FECHA Y HORA DE LA ÚLTIMA TRANSACCIÓN
campo de control 20250823051516.0
007 - CAMPO FIJO DE DESCRIPCIÓN FÍSICA--INFORMACIÓN GENERAL
campo de control de longitud fija t|
008 - DATOS DE LONGITUD FIJA--INFORMACIÓN GENERAL
campo de control de longitud fija 030806s1960 sp ||||1| gao d
100 1# - ENTRADA PRINCIPAL--NOMBRE DE PERSONA
Nombre de persona Cunqueiro, Álvaro,
Fechas asociadas al nombre 1911-1981
9 (RLIN) 42188
245 10 - MENCIÓN DEL TÍTULO
Título Escola de menciñeiros e fabula de varia xente /
Mención de responsabilidad, etc. Alvaro Cunqueiro ; prólogo de Domingo García-Sabell ; ilustraciones de Ribas.
260 ## - PUBLICACIÓN, DISTRIBUCIÓN, ETC.
Lugar de publicación, distribución, etc. [Vigo] :
Nombre del editor, distribuidor, etc. Galaxia,
Fecha de publicación, distribución, etc. [1960]
300 ## - DESCRIPCIÓN FÍSICA
Extensión 158 p. ;
Dimensiones 19 cm.
700 1# - ENTRADA AGREGADA--NOMBRE PERSONAL
Nombre de persona García-Sabell, Domingo,
Fechas asociadas al nombre 1909-2003
9 (RLIN) 55245
700 1# - ENTRADA AGREGADA--NOMBRE PERSONAL
Nombre de persona Ribas.
9 (RLIN) 96716
852 ## - LOCALIZACIÓN
Ubicación ES-MaACL
Número de control de estantería C-18289
Sublocalización o colección R.46561
Holdings
Estatus retirado Estado de pérdida Estado de daño No para préstamo Biblioteca de origen Biblioteca actual Ubicación en estantería Fecha de adquisición Fuente de adquisición Total de préstamos Signatura topográfica completa Código de barras Visto por última vez Precio de reemplazo Tipo de ítem Koha
        Biblioteca del Ateneo de Madrid Biblioteca del Ateneo de Madrid Galería 17/01/2008     C-18289 1053267 23/02/2023 23/02/2023 Libro impreso